80+ Players in Fifa 23 - Statistics

General Stats
  • This quiz has been taken 1,257 times
  • The average score is 161 of 482
Answer Stats
Rating Club Nation Player % Correct
91 PSG France Kylian Mbappe
97%
91 PSG Argentina Lionel Messi
97%
80 Everton England Dominic Calvert-Lewin
96%
81 Wolves Portugal Jose Sa
96%
90 Manchester United Portugal Cristiano Ronaldo
95%
91 Real Madrid France Karim Benzema
94%
91 Manchester City Belgium Kevin De Bruyne
94%
90 Liverpool Egypt Mohamed Salah
94%
91 FC Barcelona Poland Robert Lewandowski
93%
89 Tottenham Hotspur South Korea Heung-Min Son
92%
89 PSG Brazil Neymar
92%
90 Liverpool Netherlands Virgil Van Dijk
92%
89 Tottenham Hotspur England Harry Kane
90%
89 Bayern Munich Senegal Sadio Mane
90%
88 Manchester City Norway Erling Haaland
89%
90 Real Madrid Belgium Thibaut Courtois
89%
88 Real Madrid Croatia Luka Modric
88%
90 Bayern Munich Germany Manuel Neuer
87%
89 Liverpool Brazil Alisson
85%
88 Manchester City Portugal Bernardo Silva
85%
89 Manchester United Brazil Casemiro
85%
88 Real Madrid Germany Toni Kroos
85%
89 Manchester City Brazil Ederson
84%
88 PSG Costa Rica Keylor Navas
84%
89 Chelsea France N'Golo Kante
84%
88 Manchester City Portugal Ruben Dias
84%
83 Sevilla FC Spain Jesus Navas
83%
89 Bayern Munich Germany Joshua Kimmich
83%
86 Chelsea Brazil Thiago Silva
83%
89 Atletico Madrid Slovenia Jan Oblak
82%
82 RB Leipzig Portugal Andre Silva
81%
83 Real Sociedad Spain David Silva
81%
88 PSG Italy Gianluigi Donnarumma
81%
84 Liverpool Colombia Luis Diaz
81%
80 Real Betis Portugal Rui Silva
81%
87 Liverpool Scotland Andrew Robertson
80%
88 FC Barcelona Germany Marc-Andre Ter Stegen
80%
88 PSG Brazil Marquinhos
80%
87 FC Barcelona Netherlands Frenkie De Jong
79%
87 Tottenham Hotspur France Hugo Lloris
79%
87 Manchester City Spain Rodri
79%
82 Borussia Dortmund Germany Emre Can
78%
87 Liverpool England Trent Alexander-Arnold
78%
86 Manchester United Portugal Bruno Fernandes
76%
87 Manchester United Spain David De Gea
76%
88 Manchester City Portugal Joao Cancelo
76%
87 Bayern Munich Germany Thomas Muller
76%
86 Real Madrid Brazil Vinicius Junior
76%
87 PSG Italy Marco Verratti
75%
87 Real Madrid Germany Antonio Rudiger
74%
87 Liverpool Brazil Fabinho
74%
86 Inter Milan Argentina Lautaro Martinez
73%
86 Real Madrid Austria David Alaba
72%
86 Chelsea Senegal Edouard Mendy
72%
83 Real Madrid France Ferland Mendy
72%
84 Aston Villa Argentina Emiliano Martinez
70%
82 Athletic Bilbao Spain Inigo Martinez
70%
81 Manchester United Argentina Lisandro Martinez
70%
87 Chelsea Senegal Kalidou Koulibaly
69%
86 Manchester City Algeria Riyad Mahrez
69%
85 FC Barcelona Spain Pedri
67%
86 Inter Milan Belgium Romelu Lukaku
67%
86 Liverpool Spain Thiago
67%
84 Bayern Munich Germany Leroy Sane
66%
86 Roma FC Argentina Paulo Dybala
66%
87 Bayern Munich Germany Leon Goretzka
64%
86 Manchester City Spain Aymeric Laporte
63%
85 Manchester City Germany Ilkay Gundogan
63%
87 AC Milan France Mike Maignan
63%
85 Manchester City England Phil Foden
63%
85 AC Milan France Theo Hernandez
63%
85 Liverpool Portugal Diogo Jota
62%
86 Bayern Munich France Kingsley Coman
62%
86 Latium Serbia Sergej Milinkovic-Savic
62%
84 Bayern Munich France Lucas Hernandez
61%
85 Bayern Munich Germany Serge Gnabry
61%
84 Bayern Munich Canada Alphonso Davies
60%
86 RB Leipzig France Christopher Nkunku
60%
84 Real Madrid Belgium Eden Hazard
60%
85 Chelsea Italy Jorginho
60%
84 Borussia Dortmund England Jude Bellingham
60%
80 Borussia Dortmund Belgium Thorgan Hazard
60%
86 Latium Italy Ciro Immobile
59%
84 Real Madrid Uruguay Federico Valverde
59%
85 Leicester City England Jamie Vardy
59%
85 Manchester City England Kyle Walker
59%
85 Borussia Dortmund Germany Marco Reus
59%
84 Arsenal Norway Martin Odegaard
59%
85 Bayern Munich Netherlands Matthijs De Ligt
59%
84 PSG Morocco Achraf Hakimi
58%
85 Borussia Monchengladbach Switzerland Yann Sommer
58%
85 FC Barcelona Spain Jordi Alba
57%
84 Chelsea Germany Kai Havertz
57%
86 Inter Milan Italy Nicolo Barella
57%
86 Chelsea England Raheem Sterling
57%
83 Liverpool Brazil Roberto Firmino
57%
86 Villarreal CF Spain Daniel Parejo
56%
84 Manchester City England Jack Grealish
56%
84 Chelsea Croatia Mateo Kovacic
56%
85 Chelsea Gabon Pierre-Emerick Aubameyang
56%
84 AC Milan Portugal Rafael Leao
56%
85 FC Barcelona Spain Sergio Busquets
56%
84 Real Madrid Brazil Eder Militao
55%
86 Inter Milan Croatia Marcelo Brozovic
55%
86 Inter Milan Slovakia Milan Skriniar
55%
85 Juventus France Paul Pogba
55%
84 Chelsea England Reece James
55%
84 Atletico Madrid Montenegro Stefan Savic
55%
84 Juventus Serbia Dusan Vlahovic
54%
84 Chelsea England Mason Mount
54%
84 Borussia Dortmund Germany Mats Hummels
54%
85 FC Barcelona Netherlands Memphis Depay
54%
84 Liverpool Cameroon Joel Matip
53%
83 Manchester City England John Stones
53%
85 Real Betis France Nabil Fekir
53%
81 Real Madrid Brazil Rodrygo
53%
83 Liverpool England Jordan Henderson
52%
84 PSG Spain Sergio Ramos
52%
86 Juventus Poland Wojciech Szczesny
52%
85 Atletico Madrid Belgium Yannick Carrasco
52%
85 Villarreal CF Spain Gerard Moreno
51%
85 RC Celta Spain Iago Aspas
51%
84 Atletico Madrid Portugal Joao Felix
51%
80 Real Betis Spain Alex Moreno
50%
84 Real Madrid Spain Daniel Carvajal
50%
84 FC Barcelona France Jules Kounde
50%
86 Eintracht Frankfurt Germany Kevin Trapp
50%
84 Manchester United England Jadon Sancho
48%
85 Sevilla FC Argentina Marcos Acuna
48%
85 Bayer Leverkusen Czech Republic Patrik Schick
48%
84 Sevilla FC Argentina Alejandro Gomez
47%
83 Atletico Madrid France Antoine Griezmann
47%
81 Liverpool England Joe Gomez
47%
81 Manchester United England Marcus Rashford
47%
80 Olympique Lyon France Moussa Dembele
47%
83 FC Barcelona France Ousmane Dembele
47%
84 Juventus Argentina Angel Di Maria
46%
84 West Ham United England Declan Rice
46%
84 Ajax Serbia Dusan Tadic
46%
84 AC Milan England Fikayo Tomori
46%
84 Juventus Italy Leonardo Bonucci
46%
85 Borussia Dortmund Germany Niklas Sule
46%
85 RB Leipzig Hungary Peter Gulacsi
46%
84 Arsenal Ghana Thomas Partey
46%
84 LAFC Italy Giorgio Chiellini
45%
80 VFL Wolfsburg Germany Maximilian Arnold
45%
82 Arsenal England Bukayo Saka
44%
83 Arsenal Brazil Gabriel Jesus
44%
83 Chelsea Morocco Hakim Ziyech
44%
84 Tottenham Hotspur Croatia Ivan Perisic
44%
84 Manchester United France Raphael Varane
44%
84 Sevilla FC Morocco Yassine Bounou
44%
82 Liverpool Uruguay Darwin Nunez
43%
84 Juventus Italy Federico Chiesa
43%
82 FC Barcelona Spain Ferran Torres
43%
84 Inter Milan Slovenia Samir Handanovic
43%
84 Leicester City Belgium Youri Tielemans
43%
84 Inter Milan Bosnia-Herzegovina Edin Dzeko
42%
85 Juventus Serbia Filip Kostic
42%
84 Toronto FC Italy Lorenzo Insigne
42%
83 Villarreal CF Spain Pau Torres
42%
83 PSG Spain Fabian
41%
84 FC Barcelona Ivory Coast Franck Kessie
41%
81 Bayern Munich Germany Jamal Musiala
41%
83 Juventus Colombia Juan Cuadrado
41%
82 Real Madrid Spain Nacho Fernandez
41%
82 Manchester United Brazil Antony
40%
82 Manchester United Denmark Christian Eriksen
40%
81 Bayern Munich France Dayot Upamecano
40%
84 Galatasary Belgium Dries Mertens
40%
84 Inter Milan Turkey Hakan Calhanoglu
40%
81 Manchester United England Harry Maguire
40%
84 Atletico Madrid Argentina Rodrigo De Paul
40%
83 FC Barcelona Uruguay Ronald Araujo
40%
82 RB Leipzig Germany Timo Werner
40%
83 Atletico Madrid Uruguay Jose Maria Gimenez
39%
83 Atletico Madrid Spain Koke
39%
84 Bayer Leverkusen France Moussa Diaby
39%
82 AC Milan France Olivier Giroud
39%
83 Wolves Portugal Ruben Neves
39%
84 Inter Milan Netherlands Stefan De Vrij
39%
83 Napoli FC Nigeria Victor Osimhen
39%
84 Leicester City Nigeria Wilfred Ndidi
39%
84 Inter Milan Italy Alessandro Bastoni
38%
82 Chelsea United States Christian Pulisic
38%
84 AS Monaco France Wissam Ben Yedder
38%
80 PSG Portugal Danilo Pereira
37%
84 Real Sociedad Spain Mikel Oyarzabal
37%
82 AC Milan Sweden Zlatan Ibrahimovic
37%
82 Inter Milan Cameroon Andre Onana
36%
82 Real Madrid France Aurelien Tchouameni
36%
82 Chelsea England Ben Chilwell
36%
83 Borussia Dortmund Switzerland Gregory Kobel
35%
84 Newcastle United England Kieran Trippier
35%
84 VFL Wolfsburg Belgium Koen Casteels
35%
84 AC Milan Italy Sandro Tonali
35%
83 FC Barcelona Spain Gerard Pique
34%
83 Real Madrid Spain Marco Asensio
34%
83 FC Barcelona Brazil Raphinha
34%
83 Tottenham Hotspur Argentina Cristian Romero
33%
81 Athletic Bilbao Ghana Inaki Williams
33%
83 Tottenham Hotspur Denmark Pierre-Emile Hojbjerg
33%
83 PSG France Presnel Kimpembe
33%
83 Athletic Bilbao Spain Unai Simon
33%
83 PSV Eindhoven Netherlands Cody Gakpo
32%
82 Valencia CF Brazil Gabriel Paulista
32%
81 LAFC Wales Gareth Bale
32%
81 Liverpool France Ibrahima Konate
32%
83 OGC Nice Denmark Kasper Schmeichel
32%
81 Manchester City Switzerland Manuel Akanji
32%
82 Bayer Leverkusen Germany Florian Wirtz
31%
82 Borussia Dortmund Germany Julian Brandt
31%
80 Manchester United England Luke Shaw
31%
82 Wolves Mexico Raul Jimenez
31%
84 Sassuolo Italy Domenico Berardi
30%
80 Ajax Mexico Edson Alvarez
30%
84 Roma FC Italy Lorenzo Pellegrini
30%
84 Atletico Madrid Spain Marcos Llorente
30%
80 PSG Portugal Nuno Mendes
30%
82 Arsenal England Aaron Ramsdale
29%
80 Newcastle United Sweden Alexander Isak
29%
82 FC Barcelona Denmark Andreas Christensen
29%
83 Atletico Madrid Argentina Angel Correa
29%
81 Arsenal Brazil Gabriel
29%
82 Leicester City England James Maddison
29%
80 Inter Milan Argentina Joaquin Correa
29%
82 West Ham United Brazil Lucas Paqueta
29%
83 Napoli FC Poland Piotr Zielinski
29%
82 Borussia Dortmund Portugal Raphael Guerreiro
29%
82 Borussia Dortmund Ivory Coast Sebastien Haller
29%
83 Juventus Brazil Bremer
28%
83 PSG Spain Carlos Soler
28%
82 RB Leipzig Spain Dani Olmo
28%
83 Bergamo Calcio Colombia Duvan Zapata
28%
82 Sevilla FC Croatia Ivan Rakitic
28%
81 Liverpool Guinea Naby Keita
28%
82 Aston Villa Brazil Philippe Coutinho
28%
82 Roma FC England Tammy Abraham
28%
80 Juventus Brazil Danilo
27%
82 Inter Milan Netherlands Denzel Dumfries
27%
80 Manchester United Brazil Fred
27%
83 RB Leipzig Austria Konrad Laimer
27%
81 Tottenham Hotspur Brazil Richarlison
27%
80 Atletico Madrid Spain Saul Niguez
27%
80 Juventus Brazil Alex Sandro
26%
80 Manchester United France Anthony Martial
26%
81 Newcastle United Brazil Bruno Guimaraes
26%
82 Chelsea Spain Cesar Azpilicueta
26%
82 Sevilla FC Spain Isco
26%
83 Latium Spain Luis Alberto
26%
83 Leicester City Portugal Ricardo Pereira
26%
82 Crystal Palace Ivory Coast Wilfried Zaha
26%
82 Bayer Leverkusen Germany Jonathan Tah
25%
82 Everton England Jordan Pickford
25%
80 Bayern Munich Austria Marcel Sabitzer
25%
83 Real Sociedad Spain Mikel Merino
25%
81 FC Porto Portugal Pepe
25%
81 West Ham United Czech Republic Tomas Soucek
25%
80 Arsenal France William Saliba
25%
80 Manchester United England Aaron Wan-Bissaka
24%
82 Roma FC Portugal Rui Patricio
24%
83 Atletico Madrid France Thomas Lemar
24%
80 Juventus France Adrien Rabiot
23%
81 Olympique Lyon France Alexandre Lacazette
23%
80 Atletico Madrid Spain Alvaro Morata
23%
81 RB Leipzig Croatia Josko Gvardiol
23%
80 Chelsea Spain Kepa Arrizabalaga
23%
83 Bayer Leverkusen Finland Lukas Hradecky
23%
81 Bournemouth Brazil Neto
23%
81 Newcastle United England Nick Pope
23%
81 Tottenham Hotspur Sweden Dejan Kulusevski
22%
82 Borussia Dortmund Germany Nico Schlotterbeck
22%
80 Manchester United Scotland Scott McTominay
22%
82 SL Benfica Spain Alejandro Grimaldo
21%
82 TSG Hoffenheim Croatia Andrej Kramaric
21%
83 Aston Villa Brazil Diego Carlos
21%
82 Everton Senegal Idrissa Gueye
21%
82 AC Milan Algeria Ismael Bennacer
21%
81 Wolves Portugal Joao Moutinho
21%
82 Bergamo Calcio Colombia Luis Muriel
21%
82 West Ham United Poland Lukasz Fabianski
21%
82 AC Milan Denmark Simon Kjaer
21%
84 Athletic Bilbao Spain Iker Muniain
20%
81 Real Madrid Spain Lucas Vazquez
20%
81 Chelsea Spain Marc Cucurella
20%
81 Eintracht Frankfurt Germany Mario Gotze
20%
82 Bayern Munich Morocco Noussair Mazraoui
20%
80 FC Barcelona Spain Sergi Roberto
20%
82 RB Leipzig Hungary Willi Orban
20%
82 Olympique Lyon Portugal Anthony Lopes
19%
80 Fulham Germany Bernd Leno
19%
80 Roma FC Netherlands Georginio Wijnaldum
19%
81 Real Betis Argentina Guido Rodriguez
19%
81 RSC Anderlecht Belgium Jan Vertonghen
19%
81 Manchester City England Kalvin Phillips
19%
82 Aston Villa France Lucas Digne
19%
81 RC Lens Ivory Coast Seko Fofana
19%
81 LAFC Mexico Carlos Vela
18%
81 Roma FC England Chris Smalling
18%
81 RB Leipzig Sweden Emil Forsberg
18%
82 Inter Milan Italy Francesco Acerbi
18%
82 Napoli FC Italy Giovanni Di Lorenzo
18%
81 Inter Milan Armenia Henrikh Mkhitaryan
18%
81 Napoli FC Mexico Hirving Lozano
18%
82 Juventus Italy Manuel Locatelli
18%
82 Inter Milan Germany Robin Gosens
18%
84 Real Betis Spain Sergio Canales
18%
82 Royal Antwerp Belgium Toby Alderweireld
18%
80 Manchester United Sweden Victor Lindelof
18%
80 Sevilla FC Morocco Youssef En-Nesyri
18%
81 West Ham United France Alphonse Areola
17%
82 Al-Nassr Brazil Anderson Talisca
17%
82 Olympique Marseille France Dimitri Payet
17%
82 AS Monaco Germany Kevin Volland
17%
80 Juventus Argentina Leandro Paredes
17%
81 Ajax Argentina Lucas Ocampos
17%
82 Bologna Austria Marko Arnautovic
17%
81 FC Porto Iran Mehdi Taremi
17%
81 Napoli FC Cameroon Andre Zambo Anguissa
16%
83 TSG Hoffenheim Spain Angelino
16%
83 Sevilla FC Brazil Fernando
16%
80 Bayer Leverkusen Netherlands Jeremie Frimpong
16%
81 Arsenal Scotland Kieran Tierney
16%
82 Roma FC Italy Leonardo Spinazzola
16%
80 Athletic Bilbao Spain Raul Garcia
16%
80 Liverpool Brazil Arthur
15%
82 Atletico Madrid CAR Geoffrey Kondogbia
15%
80 West Ham United England Jarrod Bowen
15%
80 Aston Villa Jamaica Leon Bailey
15%
80 Tottenham Hotspur Brazil Lucas Moura
15%
82 SC Freiburg Germany Matthias Ginter
15%
81 Olympique Lyon Argentina Nicolas Tagliafico
15%
81 Shanghai SIPG Brazil Oscar
15%
81 Napoli FC Slovakia Stanislav Lobotka
15%
81 Newcastle United France Allan Saint-Maximin
14%
81 Bayer Leverkusen Burkina Faso Edmond Tapsoba
14%
82 Villarreal CF Argentina Geronimo Rulli
14%
81 Villarreal CF Argentina Giovani Lo Celso
14%
81 SL Benfica Argentina Nicolas Otamendi
14%
80 Nottingham Forest Brazil Renan Lodi
14%
80 PSG Portugal Renato Sanches
14%
80 Juventus United States Weston McKennie
14%
81 Tottenham Hotspur Mali Yves Bissouma
14%
80 Sevilla FC Brazil Alex Telles
13%
81 Chelsea Switzerland Denis Zakaria
13%
80 Tottenham Hotspur England Eric Dier
13%
81 Roma FC Italy Gianluca Mancini
13%
81 Southampton England James Ward-Prowse
13%
80 Wolves Portugal Nelson Semedo
13%
81 PSG Spain Pablo Sarabia
13%
82 Sporting CP Uruguay Sebastian Coates
13%
80 Newcastle United Netherlands Sven Botman
13%
80 Aston Villa France Boubacar Kamara
12%
80 AC Milan Italy Davide Calabria
12%
81 Atletico Madrid Brazil Felipe
12%
80 Houston Dynamo Mexico Hector Herrera
12%
80 RCD Espanyol Spain Joselu
12%
81 Roma FC Italy Nicolo Zaniolo
12%
83 TSG Hoffenheim Germany Oliver Baumann
12%
82 SL Benfica Portugal Rafa
12%
80 West Ham United Czech Republic Vladimir Coufal
12%
82 Villarreal CF Netherlands Arnaut Danjuma
11%
80 Ajax Netherlands Daley Blind
11%
80 Arsenal England Emile Smith Rowe
11%
80 Stade Rennes Mali Hamari Traore
11%
80 Leicester City England Harvey Barnes
11%
81 Fulham Portugal Joao Palhinha
11%
80 Atletico Madrid Spain Mario Hermoso
11%
81 Sporting CP Spain Pedro Porro
11%
83 Rayo Vallecano Spain Raul De Tomas
11%
82 Ajax Netherlands Steven Berghuis
11%
80 Real Betis Portugal William Carvalho
11%
82 Real Sociedad Spain Alex Remiro
10%
80 AC Milan Croatia Ante Rebic
10%
81 Olympique Lyon France Corentin Tolisso
10%
81 Al-Shabab Argentina Ever Banega
10%
81 Sevilla FC Mexico Jesus Corona
10%
80 West Ham United France Kurt Zouma
10%
80 Bergamo Calcio Netherlands Marten De Roon
10%
80 Inter Milan Italy Matteo Darmian
10%
81 Napoli FC Italy Matteo Politano
10%
80 West Ham United Morocco Nayef Aguerd
10%
81 Real Sociedad France Robin Le Normand
10%
80 Manchester City Germany Stefan Ortega
10%
80 Latium Italy Alessio Romagnoli
9%
81 Real Betis Spain Borja Iglesias
9%
81 RB Leipzig Germany David Raum
9%
82 Wolves Portugal Goncalo Guedes
9%
80 LOSC Lille Portugal Jose Fonte
9%
82 Valencia CF Spain Jose Gaya
9%
80 Ajax Netherlands Jurrien Timber
9%
80 RB Leipzig Germany Lukas Klostermann
9%
80 Trabzonspor Slovakia Marek Hamsik
9%
80 Manchester United Slovakia Martin Dubravka
9%
82 Bergamo Calcio Ukraine Ruslan Malinovskyi
9%
80 Everton Brazil Allan
8%
80 Eintracht Frankfurt Japan Daichi Kamada
8%
80 Dinamo Zagreb Croatia Dominik Livakovic
8%
81 Borussia Monchengladbach Germany Jonas Hofmann
8%
80 RB Leipzig Slovenia Kevin Kampl
8%
81 Galatasaray Uruguay Lucas Torreira
8%
81 Trabzonspor Spain Marc Bartra
8%
81 Atletico Madrid Brazil Matheus Cunha
8%
82 Villarreal CF Spain Raul Albiol
8%
81 Bayer Leverkusen Germany Robert Andrich
8%
80 Club Brugge Belgium Simon Mignolet
8%
80 Ajax Netherlands Steven Bergwijn
8%
80 RB Leipzig Austria Xaver Schlager
8%
80 Napoli FC Kosovo Amir Rrahmani
7%
81 Fiorentina Czech Republic Antonin Barak
7%
80 Bayer Leverkusen Chile Charles Aranguiz
7%
80 Al-Nassr Colombia David Ospina
7%
82 Getafe CF Spain David Soria
7%
80 Aston Villa Argentina Emiliano Buendia
7%
81 Eintracht Frankfurt France Evan Ndicka
7%
80 West Ham United Italy Gianluca Scamacca
7%
80 Club Brugge Belgium Hans Vanaken
7%
81 PSV Eindhoven Ivory Coast Ibrahim Sangare
7%
81 Bergamo Calcio Croatia Mario Pasalic
7%
81 Stade Rennes France Martin Terrier
7%
81 SL Benfica Greece Odysseas Vlachodimos
7%
81 Sporting CP Portugal Pedro Goncalves
7%
81 Montpellier HSC France Teji Savanier
7%
80 Bergamo Calcio Netherlands Teun Koopmeiners
7%
81 Sevilla FC Denmark Thomas Delaney
7%
81 SC Freiburg Italy Vincenzo Grifo
7%
81 Sporting CP Spain Antonio Adan
6%
80 Roma FC Italy Bryan Cristante
6%
80 SC Freiburg Germany Christian Gunter
6%
81 Trabzonspor Bosnia-Herzegovina Edin Visca
6%
80 NEC Nijmegen Netherlands Jasper Cillessen
6%
81 Bergamo Calcio Argentina Juan Musso
6%
81 Bayer Leverkusen Germany Kerem Demirbay
6%
80 SC Freiburg Netherlands Mark Flekken
6%
81 FC Porto Colombia Mateus Uribe
6%
80 Fiorentina Argentina Nicolas Gonzalez
6%
82 FC Porto Portugal Otavio
6%
81 SC Braga Portugal Ricardo Horta
6%
82 RCD Espanyol Spain Sergi Darder
6%
80 Atletico Madrid Spain Sergio Reguilon
6%
82 Athletic Bilbao Spain Yuri Berchiche
6%
80 OGC Nice Algeria Andy Delort
5%
81 Stade Rennes France Benjamin Bourigeaud
5%
80 Eintracht Frankfurt Switzerland Djibril Sow
5%
80 Borussia Monchengladbach Germany Florian Neuhaus
5%
80 Villarreal CF France Francis Coquelin
5%
81 OGC Nice France Gaetan Laborde
5%
80 Bergamo Calcio Netherlands Hans Hateboer
5%
80 Stade Rennes Croatia Lovro Majer
5%
80 Leeds United Colombia Luis Sinisterra
5%
80 Borussia Dortmund Germany Mahmoud Dahoud
5%
80 Olympique Marseille France Matteo Guendouzi
5%
80 Nottingham Forest Switzerland Remo Freuler
5%
80 Roma FC Netherlands Rick Karsdorp
5%
80 Bayer Leverkusen Iran Sardar Azmoun
5%
80 Athletic Bilbao Spain Yeray
5%
80 Sassuolo Italy Andrea Consigli
4%
80 Elche CF Spain Edgar Badia
4%
80 Villarreal CF France Etienne Capoue
4%
80 Udinese Spain Gerard Deulofeu
4%
80 Olympique Marseille France Jonathan Clauss
4%
81 Bergamo Calcio Italy Rafael Toloi
4%
80 Dynamo Kyiv Ukraine Viktor Tsygankov
4%
80 FC Nantes France Alban Lafont
3%
82 Real Sociedad Spain Aritz Elustondo
3%
80 New England Spain Carles Gil
3%
80 Sevilla FC Spain Joan Jordan
3%
80 UD Las Palmas Spain Jonathan Viera
3%
80 Sevilla FC Serbia Marko Dmitrovic
3%
80 Fiorentina Serbia Nikola Milenkovic
3%
80 PSV Eindhoven Argentina Walter Benitez
3%
80 AC Monza Italy Alessio Cragno
2%
80 Athletic Bilbao Spain Alex Berenguer
2%
80 Salernitana Italy Antonio Candreva
2%
80 Fiorentina Italy Cristiano Biraghi
2%
80 RC Celta Spain Javi Galan
2%
80 Cadiz CF Argentina Jeremias Ledesma
2%
80 Villarreal CF Spain Jose Luis Morales
2%
80 Getafe CF Uruguay Mauro Arambarri
2%
80 VFL Wolfsburg Germany Max Kruse
2%
80 VFL Wolfsburg Germany Ridle Baku
2%
80 Trabzonspor Turkey Ugurcan Cakir
2%
No matching quizzes found
Score Distribution
Percent of People with Each Score
Percentile by Number Answered
Your Score History
You have not taken this quiz